00724nam a2200241 i 4500003000900000005001700009006001900026007000300045008004100048020001500089040003000104082001300134100002800147245007900175264003600254300002800290336002600318337003200344338002800376490003000404490001500434700003300449DO-SdBNP20230519144057.0a||||er|||| 00| 0 ta230519e2001 ||| |||er|||| 001 fdspa d a8481302643 aDO-SdBNPbspacBNPHUerda 4222bE7721 aEsquivel, Laura,d1950-10aComo agua para chocolate. /cLaura Esquivel; prólogo de Lourdes Ventura.30a[sin lugar] :bBibliotex,c2001 a157 páginas ;c20 cm. 2rdacontenatextobtxt 2rdamediaasin mediciónbn 2rdacarrieravolumenbnc abiblioteca el Mundo ;v21 aTelefonica1 aVentura, Lourdes.eprólogo